Social media: marketing personal y profesional

Saved in:
Bibliografiske detaljer
Hovedforfatter: Carballar Falcón, José Antonio (Author)
Format: Bog
Sprog:spansk
Udgivet: Cuernavaca Alfaomega 2012
Udgivelse:1a. ed
Fag:
Tags: Tilføj Tag
Ingen Tags, Vær først til at tagge denne postø!

MARC

LEADER 00000cam a2200000 a 4500
001 UCC7477
003 CL-VaPUC
008 190329e20120000mx |||||||||||||||||spa|d
020 |a 9786077075523 
082 0 4 |a 302.23  |b CAR  |2 21 
100 0 |a Carballar Falcón, José Antonio  |e author  |9 602110 
245 1 0 |a Social media: marketing personal y profesional 
250 |a 1a. ed 
300 |a 240 p 
942 |c BK 
945 |d 20190329 16:06:00  |a dcastane 
260 |a Cuernavaca  |b Alfaomega  |c 2012 
650 0 |a Internet   |9 254823 
650 0 |a Redes sociales   |9 327959 
650 0 |a Redes virtuales  |9 496773 
583 |a last modification  |c 20190329 16:06:00  |k Rodrigo Vera 
999 |c 374106  |d 374104 
952 |0 0  |1 0  |3 erb  |4 0  |6 302_230000000000000_CAR_2012  |7 0  |8 A  |9 492487  |a BIBING  |b BIBING  |i 5540798  |o 302.23 CAR 2012  |p 5540798  |r 2025-01-20  |w 2019-11-24  |y BK  |z Catalogado en:20190329  |k CCI 
952 |0 0  |1 0  |3 erb  |4 0  |6 302_230000000000000_CAR_2012  |7 0  |8 A  |9 492488  |a BIBING  |b BIBING  |i 554078K  |o 302.23 CAR 2012  |p 554078K  |r 2025-01-20  |w 2019-11-24  |y BK  |z Catalogado en:20190329  |k CCI 
952 |0 0  |1 0  |3 erb  |4 0  |6 302_230000000000000_CAR_2012  |7 0  |8 A  |9 492489  |a BIBING  |b BIBING  |i 5540771  |o 302.23 CAR 2012  |p 5540771  |r 2025-01-20  |w 2019-11-24  |y BK  |z Catalogado en:20190329  |k CCI